000 00722nam a22002177a 4500
999 _c6333
_d6333
003 AR-CdUCM
008 190314b ||||| |||| 00| 0 spa d
020 _a84-7232-434-2
040 _aMUNICIPALIDAD PROVINCIAL DEL CUSCO
_cBIBLIOTECA MUNICIPAL DEL CUSCO
082 _a869.96 /
_bSE48
100 _aSerrano, Pio E.
_918111
245 _aPoesía reunida /
260 _aEspaña :
_bCultura hispánica,
_c1987.
300 _a229 paginas ;
_c20 cm.
505 _aLa sagrada familia -- Secuestrados en este mes de junio -- Los encuentros -- Cuadernos de viaje -- Central park...
650 _aPoesía lírica
_911722
650 _aVersos y prosas
_915418
650 C _aPoemas
_9929
942 _2ddc
_cLIBROS
945 _awnts